| 000 | 00407nam a2200181Ia 4500 | ||
|---|---|---|---|
| 003 | 0100 | ||
| 008 | 130307s9999 xx 000 0 und d | ||
| 040 | _cARRUPELIB | ||
| 050 | _aBC177.B677 2003 | ||
| 100 | _aBoyd, Robert | ||
| 245 | _aCritical reasoning and logic | ||
| 260 | _aNew Jersey | ||
| 260 | _bUpper Saddle River | ||
| 260 | _c2003 | ||
| 300 | _axxi | ||
| 300 | _b337p. 23cm. | ||
| 942 | 0 | 0 | _03 |
| 999 |
_c93754 _d93754 |
||